00497nam a22001577a 4500003000900000008004100009040007100050082002200121100002600143245002000169260004300189300002400232440004500256505001100301650002700312AR-CdUCM190304b ||||| |||| 00| 0 spa d aMUNICIPALIDAD PROVINCIAL DEL CUSCOcBIBLIOTECA MUNICIPAL DEL CUSCO 25ed.a860 /bSA22 aSanchez, Luis Alberto aLa Perricholi / aLima :bEdiciones Nuevo Mundo ;c1964. a165 páginasc17cm aColección Escritores Latinoamericanos  aNovela aLiteratura española